Statystyki dla Kraje najbliższe Luksemburga

Kliknij tutaj aby rozwiązać quiz!

Ogólne statystyki

  • Ten quiz został rozwiązany 84 razy
  • Średni wynik to 18 z 20

Statystyki odpowiedzi

kmkraj% Poprawnych
0Niemcy
99%
0Francja
98%
64Holandia
98%
602Polska
98%
401Czechy
95%
768Słowacja
95%
0Belgia
94%
366Włochy
93%
321Austria
91%
811Hiszpania
90%
227Szwajcaria
90%
337Wielka Brytania
89%
555Dania
88%
630Słowenia
88%
338Liechtenstein
86%
767Węgry
85%
694Chorwacja
83%
766San Marino
80%
732Szwecja
78%
641Monako
75%

Rozkład punktacji

Percentyl według liczby udzielonych odpowiedzi

Procent ludzi z każdym wynikiem

Twoja historia wyników

Nie rozwiązałeś tego quizu